| 000 | 00830cab a2200253 4500 | ||
|---|---|---|---|
| 001 | ABS45809 | ||
| 008 | 090401t1992 xxu||||| |||| 00| 0 eng d | ||
| 035 | _a(Sirsi) u55165 | ||
| 041 | _aeng | ||
| 100 | _aPowell-Smith, V. | ||
| 245 | _aJudgement sorts out limitation confusion | ||
| 260 | _c1992 | ||
| 350 | _a0 | ||
| 490 |
_aContract Journal _v27 February 1992, 8(1) |
||
| 520 | _aDiscusses the case "Hiron v Pynford (South) Ltd" (Abs45846) which examined responsibility for negligently undertaken repairs by a contractor and the existence of parallel liability in tort. | ||
| 650 | _aDUTY OF CARE | ||
| 650 | _aLIABILITY | ||
| 650 | _aLIMITATION OF ACTION | ||
| 650 | _aSTRUCTURAL DAMAGE | ||
| 650 | _aUNDERPINNING | ||
| 690 | _aBUILT ENVIRONMENT-BUILDING CONTRACT FORMS | ||
| 942 | _n0 | ||
| 948 | _c04/03/1997 | ||
| 999 |
_c33715 _d33715 |
||